Esplicación [sic] histórica de las instituciones del emperador Justiniano (Record no. 161123)
[ view plain ]
| 000 -LEADER | |
|---|---|
| campo de control de longitud fija | 01274nam a2200241 i 4500 |
| 001 - NÚMERO DE CONTROL | |
| campo de control | 161123 |
| 003 - IDENTIFICADOR DE NÚMERO DE CONTROL | |
| campo de control | ES-MaACL |
| 005 - FECHA Y HORA DE LA ÚLTIMA TRANSACCIÓN | |
| campo de control | 20250822063217.0 |
| 008 - DATOS DE LONGITUD FIJA--INFORMACIÓN GENERAL | |
| campo de control de longitud fija | 980630s1847 sp |||| | spa d |
| 100 1# - ENTRADA PRINCIPAL--NOMBRE DE PERSONA | |
| Nombre de persona | Ortolan, Joseph Louis Elzéar, |
| Fechas asociadas al nombre | 1802-1873 |
| 9 (RLIN) | 130724 |
| 245 10 - MENCIÓN DEL TÍTULO | |
| Título | Esplicación [sic] histórica de las instituciones del emperador Justiniano |
| Resto del título | : con el texto de ellas, la traducción al lado y las explicaciones a continuación de cada párrafo : precedida de una generalización del derecho romano ... / |
| Mención de responsabilidad, etc. | por M. Ortolan ... ; traducida de la tercera edición por Francisco Pérez de Anaya. |
| 246 3# - FORMA VARIANTE DEL TITULO | |
| Título propio/Titulo breve | Explicación histórica de las instituciones del emperador Justiniano |
| 260 ## - PUBLICACIÓN, DISTRIBUCIÓN, ETC. | |
| Lugar de publicación, distribución, etc. | Madrid : |
| Nombre del editor, distribuidor, etc. | [s.n.], |
| Fecha de publicación, distribución, etc. | 1847 ( |
| Fabricante | Est. tip. de Ramón Rodríguez de Rivera) |
| 300 ## - DESCRIPCIÓN FÍSICA | |
| Extensión | 2 v. (1012 ; 898 p.) ; |
| Dimensiones | 22 cm. |
| 490 1# - MENCIÓN DE SERIE | |
| Mención de serie | Biblioteca de Jurisprudencia y Legislación |
| 630 07 - PUNTO DE ACCESO ADICIONAL DE MATERIA--TÍTULO UNIFORME | |
| Título uniforme | Corpus juris civilis. |
| Nombre de parte o sección de la obra | Institutiones |
| Fuente del encabezamiento o término | |
| 9 (RLIN) | 135271 |
| 650 #4 - PUNTO DE ACCESO ADICIONAL DE MATERIA--TÉRMINO DE MATERIA | |
| Término de materia o nombre geográfico como elemento de entrada | Derecho romano- |
| Subdivisión general | Interpretación. |
| 9 (RLIN) | 162218 |
| 700 1# - ENTRADA AGREGADA--NOMBRE PERSONAL | |
| Nombre de persona | Pérez de Anaya, Francisco. |
| 9 (RLIN) | 90754 |
| 830 0# - PUNTO DE ACCESO ADICIONAL DE SERIE-TÍTULO UNIFORME | |
| Título uniforme | Biblioteca de Jurisprudencia y Legislación |
| 9 (RLIN) | 187709 |
| 852 ## - LOCALIZACIÓN | |
| Ubicación | ES-MaACL |
| Número de control de estantería | C-3254-55 |
| Nota libre | - Enc. hol. |
| 852 ## - LOCALIZACIÓN | |
| Ubicación | ES-MaACL |
| Número de control de estantería | D-399-400 |
| Nota libre | - Enc. hol. |
| -- | . - Legado Charro Hidalgo |
| Estatus retirado | Estado de pérdida | Estado de daño | No para préstamo | Colección | Biblioteca de origen | Biblioteca actual | Ubicación en estantería | Fecha de adquisición | Fuente de adquisición | Total de préstamos | Signatura topográfica completa | Código de barras | Visto por última vez | Precio de reemplazo | Tipo de ítem Koha |
|---|---|---|---|---|---|---|---|---|---|---|---|---|---|---|---|
| Libros del s. XIX | Biblioteca del Ateneo de Madrid | Biblioteca del Ateneo de Madrid | Sala Valle Inclán | 17/01/2008 | D-399-400 | 901168762 | 23/02/2023 | 23/02/2023 | Libro impreso antiguo | ||||||
| Libros del s. XIX | Biblioteca del Ateneo de Madrid | Biblioteca del Ateneo de Madrid | Sala Palomar | 17/01/2008 | C-3254-55 | 1168761 | 23/02/2023 | 23/02/2023 | Libro impreso antiguo |
